Innovation.
Saved in:
| New Title: | Educational innovation and information Communication (International Bureau of Education) IBEDOC information |
|---|---|
| Corporate Authors: | , |
| Format: | Journal |
| Language: | English |
| Published: |
Geneva :
Unesco International Bureau of Education,
1975-1985.
|
| Subjects: |
| LEADER | 01908cas a2200421 a 4500 | ||
|---|---|---|---|
| 001 | c000281911 | ||
| 003 | CARM | ||
| 005 | 20080423103355.0 | ||
| 008 | 790302d19751985sz qr p i0 a0eng d | ||
| 010 | |a sn 87017576 | ||
| 019 | 1 | |a 25236661 |5 LACONCORD2021 | |
| 022 | |a 0251-6128 | ||
| 035 | |a (OCoLC)4709239 |5 LACONCORD2021 | ||
| 040 | |a TxU |b eng |c TxU |d NST |d MH |d DLC |d OCoLC |d VCAV | ||
| 042 | |a lc | ||
| 210 | 0 | |a Innov. - Int. Bur. Educ | |
| 222 | 0 | |a Innovation - International Bureau of Education | |
| 245 | 0 | 0 | |a Innovation. |
| 260 | |a Geneva : |b Unesco International Bureau of Education, |c 1975-1985. | ||
| 300 | |a v. : |b ill. ; |c 30 cm. | ||
| 310 | |a Quarterly | ||
| 362 | 0 | |a no. 1 (1975)-no. 40/41 (Dec. 1983/Mar. 1984) | |
| 500 | |a "Newsletter of the International Educational Reporting Service." | ||
| 580 | |a Issued also in French and Spanish editions. | ||
| 580 | |a Merged with: IBEDOC information; and, Communication (International Bureau of Education); to become, Educational innovation and information. | ||
| 650 | 0 | |a Educational innovations |v Periodicals. | |
| 710 | 2 | |a International Educational Reporting Service. | |
| 710 | 2 | |a International Bureau of Education. | |
| 775 | 1 | |t Innovación - Oficina internacional de educación |x 0251-6136 | |
| 775 | 1 | |t Innovation - Bureau international d'éducation |x 0251-6144 | |
| 785 | 1 | 7 | |t Educational innovation and information |w (DLC) 90662080 |w (OCoLC)14197292 |
| 785 | 1 | 7 | |t Communication (International Bureau of Education) |
| 785 | 1 | 7 | |t IBEDOC information |x 0251-5792 |
| 852 | 8 | |b CARM |h A3:AR03C0 |i F03725 |p 0394566 |f SE | |
| 866 | 0 | |a 28(1980:12)-40/41(1983:12/1984:03) | |
| 866 | 0 | |a 28(1980:12)-40/41(1983:12/1984:03) | |
| 999 | f | f | |i f03ce342-4469-5e29-9ced-86406e52b624 |s 4ee53224-9043-5a87-bb71-3040382f3b01 |
| 952 | f | f | |p Can circulate |a CAVAL |b CAVAL |c CAVAL |d CARM 1 Store |e F03725 |f A3:AR03C0 |h Other scheme |i book |k 28(1980:12)-40/41(1983:12/1984:03) |m 0394566 |